Die Bundesstelle fur aubenhandelsinformation
Guardat en:
| Autor principal: | |
|---|---|
| Format: | Llibre |
| Idioma: | Undetermined |
| Publicat: |
Germany
Boldt Verlag Bonn
1971
|
| Matèries: | |
| Etiquetes: |
Afegir etiqueta
Sense etiquetes, Sigues el primer a etiquetar aquest registre!
|
| Thư viện lưu trữ: | Trung tâm Học liệu Trường Đại học Cần Thơ |
|---|
| LEADER | 00487nam a2200181Ia 4500 | ||
|---|---|---|---|
| 001 | CTU_79911 | ||
| 008 | 210402s9999 xx 000 0 und d | ||
| 082 | |a 330 | ||
| 082 | |b K19 | ||
| 100 | |a Kasulke, Winfried | ||
| 245 | 0 | |a Die Bundesstelle fur aubenhandelsinformation | |
| 245 | 0 | |c Winfried Kasulke | |
| 260 | |a Germany | ||
| 260 | |b Boldt Verlag Bonn | ||
| 260 | |c 1971 | ||
| 650 | |a Economics | ||
| 904 | |i Trọng Hải | ||
| 980 | |a Trung tâm Học liệu Trường Đại học Cần Thơ | ||